Constitutional and political history of Pakistan / (Record no. 549686)

000 -LEADER
fixed length control field 00577cam a2200169 a 4500
020 ## - INTERNATIONAL STANDARD BOOK NUMBER
International Standard Book Number 0195979753
082 ## - DEWEY DECIMAL CLASSIFICATION NUMBER
Classification number 954.91
Author Mark KHA
-- N-01, P-146
100 1# - MAIN ENTRY--PERSONAL NAME
Personal name Khan, Hamid
9 (RLIN) 46330
245 10 - TITLE STATEMENT
Title Constitutional and political history of Pakistan /
Statement of responsibility, etc. Hamid Khan.
260 ## - PUBLICATION, DISTRIBUTION, ETC.
Place of publication, distribution, etc. Karachi :
Name of publisher, distributor, etc. Oxford University Press,
Date of publication, distribution, etc. 2005.
300 ## - PHYSICAL DESCRIPTION
Extent xviii, 522 p. ;
Dimensions 24 cm.
526 ## - STUDY PROGRAM INFORMATION NOTE
Program name 0
Interest level 0
Reading level 0
Title point value 954_910000000000000_KHA
650 #0 - SUBJECT ADDED ENTRY--TOPICAL TERM
Topical term or geographic name entry element Constitutional history
Geographic subdivision Pakistan.
9 (RLIN) 46331
650 #0 - SUBJECT ADDED ENTRY--TOPICAL TERM
Topical term or geographic name entry element NUST
9 (RLIN) 6342
856 42 - ELECTRONIC LOCATION AND ACCESS
Uniform Resource Identifier <a href="http://www.loc.gov/catdir/enhancements/fy0636/2005309326-d.html">http://www.loc.gov/catdir/enhancements/fy0636/2005309326-d.html</a>
942 ## - ADDED ENTRY ELEMENTS (KOHA)
Source of classification or shelving scheme
Koha item type Book
Holdings
Withdrawn status Lost status Source of classification or shelving scheme Damaged status Not for loan Permanent Location Current Location Date acquired Total Checkouts Full call number Barcode Date last seen Date last checked out Price effective from Koha item type
          Military College of Engineering (MCE) Military College of Engineering (MCE) 10/09/2014 2 954.91 KHA MCE-38234 10/21/2020 03/18/2020 10/09/2014 Book
© 2023 Central Library, National University of Sciences and Technology. All Rights Reserved.